000 00897nam a2200253Ia 4500
003 OSt
005 20220923225811.0
006 a|||||r|||| 00| 0
007 ta
008 220922b |||||||| |||| 00| 0 hin d
024 _a274,762
037 _cTextual
040 _aARTS
_cARTS
_bhin
041 _2hin
_ahin
082 _aV2:72.C, 152M2
100 _aगोयल, श्रीराम, संपा.
245 0 _aप्राचीन भारतीय अभिलेख संग्रह
246 _aPrāchīn bhāratīya abhilekh sangraha
260 _aजयपुर
_b राजस्थान हिन्दी ग्रन्थ अकादमी
_c1982
490 _vभाग 1
650 _aविश्व-इतिहास
942 _hV2:72.C, 152M2
_cTEXL
_2CC
999 _c380485
_d380485